000 00455nam a2200193Ia 4500
999 _c36803
_d36803
001 2745
003 GE_BSU
005 20230317110013.0
008 181216s2003||||gw |||||||||||||| ||ger||
020 _a9289452811x
040 _cGE_BSU
041 _ager
080 _a32 W-63
245 _aWie funktioniert die Europäische Union?
260 _c2003.
300 _a46 p. ;
_b 22 c.
653 _aევროკავშირი
942 _cBK
_2udc